000 00570nam a2200181Ia 4500
008 151018s9999 xx 000 0 und d
082 _bRBASDV4439
_a891.463
100 _aना ह आपटे
245 _aअवाचीन रामराज्य
250 _b2
260 _bआपटे आणि मंडळीÇ
_c1947
300 _a162
600 _aना ह आपटे
630 _aअवाचीन रामराज्य
700 _aना ह आपटे
730 _aअवाचीन रामराज्य
942 _cBOOK
999 _c1006838
_d1006835